Giải pháp giảm nghèo tại thành phố Trà Vinh, tỉnh Trà Vinh Luận văn thạc sĩ. Chuyên ngành: Quản lý Kinh tế. Mã ngành: 8340410
Gespeichert in:
| 1. Verfasser: | |
|---|---|
| Körperschaften: | , |
| Weitere Verfasser: | |
| Sprache: | Undetermined Vietnamese |
| Veröffentlicht: |
Trà Vinh
Trường Đại học Trà Vinh
2019
|
| Schlagworte: | |
| Tags: |
Tag hinzufügen
Keine Tags, Fügen Sie den ersten Tag hinzu!
|
| Thư viện lưu trữ: | Trung tâm Học liệu Trường Đại học Trà Vinh |
|---|
| LEADER | 01067nam a2200289Ia 4500 | ||
|---|---|---|---|
| 001 | TVU_32080 | ||
| 008 | 210423s9999 xx 000 0 und d | ||
| 041 | |a vie | ||
| 082 | |a 339.40959786 | ||
| 082 | |b X527 | ||
| 100 | |a Nguyễn, Thị Hồng Xuyến | ||
| 245 | 0 | |a Giải pháp giảm nghèo tại thành phố Trà Vinh, tỉnh Trà Vinh | |
| 245 | 0 | |b Luận văn thạc sĩ. Chuyên ngành: Quản lý Kinh tế. Mã ngành: 8340410 | |
| 245 | 0 | |c Nguyễn Thị Hồng Xuyến ; Huỳnh Quang Linh (hướng dẫn khoa học) | |
| 260 | |a Trà Vinh | ||
| 260 | |b Trường Đại học Trà Vinh | ||
| 260 | |c 2019 | ||
| 300 | |a xii, 67, 8 tr. | ||
| 300 | |b minh hoạ | ||
| 300 | |c 30 cm | ||
| 504 | |a Thư mục: tr. 66-67 | ||
| 650 | |a Xoá đói giảm nghèo; Phát triển nông thôn | ||
| 700 | |a Nguyễn Thị Hồng Xuyến; Huỳnh Quang Linh | ||
| 700 | |e hướng dẫn khoa học | ||
| 710 | |a Ủy ban Nhân dân tỉnh Trà Vinh | ||
| 710 | |b Trường Đại học Trà Vinh | ||
| 980 | |a Trung tâm Học liệu Trường Đại học Trà Vinh | ||